Didáctica del alma : (Registro nro. 26600)
[ vista simple ]
| 000 -CABECERA | |
|---|---|
| campo de control de longitud fija | 00763nam a2200193 a 4500 |
| 001 - NÚMERO DE CONTROL | |
| campo de control | 000027108 |
| 005 - FECHA Y HORA DE LA ÚLTIMA TRANSACCIÓN | |
| campo de control | 20240302073953.0 |
| 008 - DATOS DE LONGITUD FIJA--INFORMACIÓN GENERAL | |
| campo de control de longitud fija | 110329s2003 dr a 000 p spa d |
| 020 ## - NÚMERO INTERNACIONAL ESTÁNDAR DEL LIBRO | |
| Número Internacional Estándar del Libro | 9993499005 |
| 040 ## - FUENTE DE LA CATALOGACIÓN | |
| Centro catalogador/agencia de origen | DO-SdBNP |
| Lengua de catalogación | spa |
| Centro/agencia transcriptor | BNPHU |
| 082 ## - NÚMERO DE LA CLASIFICACIÓN DECIMAL DEWEY | |
| Número de clasificación | xxx |
| Número de documento/Ítem | B142d |
| 100 1# - ENTRADA PRINCIPAL--NOMBRE DE PERSONA | |
| Nombre de persona | Baéz Ureña, José Enrique, |
| Fechas asociadas al nombre | 1962- |
| 9 (RLIN) | 24588 |
| 245 10 - MENCIÓN DE TÍTULO | |
| Título | Didáctica del alma : |
| Resto del título | (Versos y conversaciones entre mi niño y yo) / |
| Mención de responsabilidad, etc. | José Enrique Baéz Ureña, José Enrique Báez Jr. ; prólogo Bruno Rosario Candelier ; presentación Higinio Báez. |
| 260 ## - PUBLICACIÓN, DISTRIBUCIÓN, ETC. | |
| Lugar de publicación, distribución, etc. | Santo Domingo : |
| Nombre del editor, distribuidor, etc. | Bam´s Color, |
| Fecha de publicación, distribución, etc. | 2003. |
| 300 ## - DESCRIPCIÓN FÍSICA | |
| Extensión | 63 p. : |
| Otras características físicas | il. ; |
| Dimensiones | 2003. |
| 700 1# - PUNTO DE ACCESO ADICIONAL--NOMBRE DE PERSONA | |
| Nombre de persona | Báez Jr., José Enrique, |
| Fechas asociadas al nombre | 1996- |
| 9 (RLIN) | 54186 |
| 700 1# - PUNTO DE ACCESO ADICIONAL--NOMBRE DE PERSONA | |
| Nombre de persona | Rosario Candelier, Bruno, |
| Fechas asociadas al nombre | 1941- |
| Término indicativo de función/relación | pról. |
| 9 (RLIN) | 851 |
| 700 1# - PUNTO DE ACCESO ADICIONAL--NOMBRE DE PERSONA | |
| Nombre de persona | Báez, Higinio |
| 9 (RLIN) | 38623 |
| Estado de retiro | Estado de pérdida | Restricciones de uso | No para préstamo | Código de colección | Localización permanente | Ubicación/localización actual | Ubicación en estantería | Fecha de adquisición | Número de inventario | Total de préstamos | Signatura topográfica completa | Código de barras | Fecha visto por última vez | Número de copia | Precio válido a partir de | Tipo de ítem Koha | Nota pública |
|---|---|---|---|---|---|---|---|---|---|---|---|---|---|---|---|---|---|
| Dominicana de Servicio | General | General | Depósito | 29.03.2011 | LF1 | xxx B142d | 27108-30 | 25.06.2020 | e. 3 | 25.06.2020 | Libro y Folleto Colección Dominicana de Servicio | ||||||
| Dominicana de Servicio | General | General | Depósito | 26.08.2015 | LF1 | xxx B142d | 27108-40 | 25.06.2020 | e. 4 | 25.06.2020 | Libro y Folleto Colección Dominicana de Servicio | Perteneció a la biblioteca personal de Chiqui Vicioso / Fidelio Despradel. | |||||
| Excluido de préstamo | Patrimonio Dominicano | Patrimonio Dominicano | Patrimonio Dominicano | Depósito | 29.03.2011 | LF1 | xxx B142d | 27108-10 | 25.06.2020 | 25.06.2020 | Libro y Folleto Colección Patrimonio Dominicano | ||||||
| Excluido de préstamo | Patrimonio Dominicano | Patrimonio Dominicano | Patrimonio Dominicano | Depósito | 29.03.2011 | LF1 | xxx B142d | 27108-20 | 25.06.2020 | e. 2 | 25.06.2020 | Libro y Folleto Colección Patrimonio Dominicano |
